Estudiantes universitarios y expectativas sobre la vida profesional: el caso de la Universidad Autónoma de México
Este trabajo aborda la dimensión de las expectativas que los estudiantes universitarios tienen en cuanto a su futura vida profesional y su empleo. Se orienta hacia indicadores de importancia y centralidad de la actividad profesional en el proyecto de vida, la prioridad de superación personal, el tra...
Na minha lista:
| Autor principal: | |
|---|---|
| Formato: | Texto |
| Publicado em: |
s.l:
CESU-UNAM
|
| Assuntos: | |
| Tags: |
Adicionar Tag
Sem tags, seja o primeiro a adicionar uma tag!
|
MARC
| LEADER | 00000 a a2200000 04500 | ||
|---|---|---|---|
| 001 | 32737 | ||
| 003 | |||
| 040 | |||
| 090 | |a 203800 | ||
| 100 | |a Smith, Marcia | ||
| 245 | |a Estudiantes universitarios y expectativas sobre la vida profesional: el caso de la Universidad Autónoma de México | ||
| 260 | |a s.l: |b CESU-UNAM | ||
| 300 | |a 8 p. | ||
| 520 | |a Este trabajo aborda la dimensión de las expectativas que los estudiantes universitarios tienen en cuanto a su futura vida profesional y su empleo. Se orienta hacia indicadores de importancia y centralidad de la actividad profesional en el proyecto de vida, la prioridad de superación personal, el trabajo menos como fuente de satisfacción personal, espacio de desarrollo de intereses y aptitudes personales y valorado más como origen de seguridad material, prestigio y reconocimiento social | ||
| 650 | |a UNIVERSITARIOS NO DIPLOMADOS | ||
| 650 | |a FORMACION PROFESIONAL | ||
| 650 | |a CONOCIMIENTOS TECNOLOGICOS | ||
| 650 | |a MOVILIDAD PROFESIONAL | ||
| 650 | |a OPINION | ||
| 650 | |a MERCADO DE TRABAJO | ||
| 650 | |a ESTRUCTURA DEL EMPLEO | ||
| 650 | |a OPORTUNIDADES DE EMPLEO | ||
| 650 | |a ENCUESTAS | ||
| 650 | |a RESULTADOS DE INVESTIGACION | ||
| 999 | |c 16547 |d 16547 | ||
